Educar la Mirada. Arquitectura de una mente solidaria.
Gespeichert in:
| 1. Verfasser: | |
|---|---|
| Format: | Buch |
| Veröffentlicht: |
Madrid, España:
Narcea, S.A., de Ediciones,
2006.
|
| Schriftenreihe: | Colección Sociocultural
|
| Schlagworte: | |
| Tags: |
Tag hinzufügen
Keine Tags, Fügen Sie den ersten Tag hinzu!
|
MARC
| LEADER | 00000nam a22000007a 4500 | ||
|---|---|---|---|
| 003 | CL-VaPUC | ||
| 005 | 20230726105240.0 | ||
| 008 | 230707t2006 ||||| |||| 00| 0 eng d | ||
| 999 | |c 441318 |d 441316 | ||
| 020 | |a 84-277-1509-9 | ||
| 040 | |c Pontificia Universidad Católica de Valparaíso | ||
| 082 | |2 22 |a 370.115 GAR 2006 | ||
| 100 | 1 | |a García-Rincón de Castro, César |e autor |9 883613 | |
| 245 | |a Educar la Mirada. |b Arquitectura de una mente solidaria. | ||
| 260 | |a Madrid, España: |b Narcea, S.A., de Ediciones, |c 2006. | ||
| 300 | |a 137 páginas. | ||
| 490 | |a Colección Sociocultural | ||
| 500 | |a c.1 Donación Elizabeth Donoso. Memo Donación/2023. | ||
| 583 | |c 20230707 |k Catalogador Asistente | ||
| 650 | 0 | |9 259208 |a Solidaridad |x Percepción interpersonal |x Aspectos educativos | |
| 650 | 0 | |9 499221 |a Realidad social |x Actitudes y conductas prosociales |v Enseñanza y aprendizaje | |
| 650 | 0 | |a Personas en situación de necesidad |9 883769 | |
| 650 | 0 | |a Pensamiento prosocial |9 883770 | |
| 942 | |2 ddc |c BK | ||
| 952 | |0 0 |1 0 |2 ddc |4 0 |6 370_115000000000000_GAR_2006 |7 0 |8 A |9 590692 |a BIBEDU |b BIBEDU |c GEN |d 2023-07-07 |e Donación |i 5657895 |o 370.115 GAR 2006 |p 5657895 |r 2023-07-07 |t 1 |w 2023-07-07 |y BK |k EBA | ||